ARRUPE JESUIT UNIVERSITY

CORONAVIRUS -STOP THE SPREAD - CLEAN,DISINFECT,COVER

God, the father of mercy / (Record no. 127363)

MARC details
000 -LEADER
fixed length control field 01185pam a2200289 a 4500
001 - CONTROL NUMBER
control field 3089765
003 - CONTROL NUMBER IDENTIFIER
control field ARRUPE
005 - DATE AND TIME OF LATEST TRANSACTION
control field 20180111135345.0
008 - FIXED-LENGTH DATA ELEMENTS--GENERAL INFORMATION
fixed length control field 980804s1998 nyu b 000 0 eng
010 ## - LIBRARY OF CONGRESS CONTROL NUMBER
LC control number 98039717
020 ## - INTERNATIONAL STANDARD BOOK NUMBER
International Standard Book Number 0824517784 (pbk.)
040 ## - CATALOGING SOURCE
Original cataloging agency DLC
Transcribing agency DLC
Modifying agency DLC
041 1# - LANGUAGE CODE
Language code of text/sound track or separate title eng
Language code of original and/or intermediate translations of text ita
050 00 - LIBRARY OF CONGRESS CALL NUMBER
Classification number BX961
Item number H6 2000
082 00 - DEWEY DECIMAL CLASSIFICATION NUMBER
Classification number 231/.1
Edition number 21
300 ## - PHYSICAL DESCRIPTION
Dimensions 21 cm.
130 0# - MAIN ENTRY--UNIFORM TITLE
Uniform title Dio, padre di misericordia.
Language of a work English
9 (RLIN) 38411
245 10 - TITLE STATEMENT
Title God, the father of mercy /
Statement of responsibility, etc prepared by the Theological-Historical Commission for the Great Jubilee of the Year 2000 ; translated from the Italian by Robert R. Barr.
260 ## - PUBLICATION, DISTRIBUTION, ETC. (IMPRINT)
Place of publication, distribution, etc Nairobi :
Name of publisher, distributor, etc Paulines Publishing Africa
Date of publication, distribution, etc c1997.
300 ## - PHYSICAL DESCRIPTION
Extent 109 p. ;
500 ## - GENERAL NOTE
General note "A Herder & Herder book."
504 ## - BIBLIOGRAPHY, ETC. NOTE
Bibliography, etc Includes bibliographical references.
650 #0 - SUBJECT ADDED ENTRY--TOPICAL TERM
Topical term or geographic name as entry element Holy Year 2000
9 (RLIN) 38412
710 2# - ADDED ENTRY--CORPORATE NAME
Corporate name or jurisdiction name as entry element Theological-Historical Commission for the Great Jubilee of the Year 2000.
9 (RLIN) 38413
906 ## - LOCAL DATA ELEMENT F, LDF (RLIN)
a 7
b cbc
c orignew
d 1
e ocip
f 19
g y-gencatlg
942 ## - ADDED ENTRY ELEMENTS (KOHA)
Source of classification or shelving scheme Library of Congress Classification
Koha item type Monograph ( Printed materials)
Holdings
Withdrawn status Lost status Source of classification or shelving scheme Damaged status Not for loan Collection code Home library Current library Shelving location Date acquired Total Checkouts Full call number Barcode Date last seen Price effective from Koha item type
    Library of Congress Classification     Main Collection ARRUPE LIBRARY ARRUPE LIBRARY Main Collection 11/01/2018   BX961 H6 2000 46600001272 11/01/2018 11/01/2018 Monograph ( Printed materials)
    Library of Congress Classification       ARRUPE LIBRARY ARRUPE LIBRARY   02/10/2018   BX961 H6 2000 46600003203 02/10/2018 02/10/2018 Monograph ( Printed materials)

 

Arrupe Library. PO Box MP320 Mt Pleasant, Harare, Zimbabwe
263 242 745411|librarian@aju.ac.zw